| 000 | 00684nam a22001337a 4500 | ||
|---|---|---|---|
| 040 | _cRUA | ||
| 082 | _aAVM HUN 2013 B109 Or.1 | ||
| 100 | _aHUN, SOKHA. | ||
| 245 | _aDigestibility of goats by using silage of mulato II grass at royal university of agriculture, លទ្ធភាពរំលាយអាហាររបស់ពពែដោយប្រើប្រាស់ស្មៅ MULATO II ផ្អាប់នៅសាកលវីទ្យាល័យភូមិន្ទកសិកម្ម | ||
| 260 |
_aPhnom Penh _bRUA _c2013 |
||
| 300 |
_ax; 44p. _bill. _c29cm. |
||
| 856 | _uhttps://drive.google.com/file/d/1W7WeUxOI5s0zK2g84B8h5AAIaAi9tt0L/view?usp=sharing | ||
| 942 | _cAVM | ||
| 999 |
_c2669 _d2669 |
||